000 00787nam a2200301 a 4500
003 AR-BaBNM
005 20251128203529.0
008 082120s2002 ||||||||||||||000 | spa||
040 _cAR-BaBNM
100 1 _aAtchabahian, Adolfo
245 0 0 _aLa lucha de clases contemporánea
_bvisión sociológica
260 _aBuenos Aires
_bDe Palma
_c1957
300 _a162 p.
500 _aIndice temático: p. 161-162
504 _aBibliografía: p. 155-159
650 4 _aSOCIOLOGIA
650 4 _aEMPIRISMO
650 4 _aONTOLOGIA
650 4 _aSISTEMAS SOCIALES
650 4 _aCLASES SOCIALES
650 4 _aMARXISMO
650 4 _aIDEOLOGIAS
650 4 _aESTRUCTURA SOCIAL
650 4 _aDOCTRINAS POLITICAS
650 4 _aFILOSOFIA POLITICA
942 _cBK
998 _csilvi
999 _c3809
_d3809